Cahiers du Centre Gustave Glotz

محفوظ في:

التنسيق: دورية

اللغة: Undetermined

منشور في: JSTOR
Editions de Boccard

الوصول للمادة أونلاين: Login to view Source

الوسوم: إضافة وسم

لا توجد وسوم, كن أول من يضع وسما على هذه التسجيلة!

رقم الطلب:

LEADER 00483nas a2200157Ia 4500
008 220214c99999999xx |||||||||||| ||und||
022 |a 1016-9008 
022 |a 2117-5624 
245 0 0 |a Cahiers du Centre Gustave Glotz 
264 1 |b JSTOR 
264 1 |b Editions de Boccard 
362 0 |a Vol. 2(1991)-26 (2015) 
856 4 0 |u https://www.jstor.org/journal/cahicentgustglot 
942 |c JL 
952 |0 0  |1 0  |4 0  |7 1  |9 34434  |a JSR  |b JSR  |d 2022-02-14  |l 0  |r 2022-02-14 00:00:00  |w 2022-02-14  |y JL 
999 |c 42767  |d 42767